| 000 | 00486nam a2200145Ia 4500 | ||
|---|---|---|---|
| 008 | 180921t1892 xxu||||| ||||o00| 0 eng d | ||
| 041 | _aeng | ||
| 245 | _aPapers Laid Before The Legislative Council of Ceylon During The Session of 1891 : Bill Relating To The Customs Duties Leviable on Kerosine Oil,Spirits,And Tobacco. | ||
| 260 | _c1892 | ||
| 300 | _ap.501-, 33 cm | ||
| 500 | _aSessional Paper xiii-1892 | ||
| 942 | _cBK | ||
| 999 |
_c51543 _d51543 |
||
| 003 | LK-CoDNM | ||
| 040 |
_aLK-CoDNM _dLK-CoDNM _eLK-CoDNM |
||